World Border Bonanza Quiz Stats

 Plays Quiz Updated Mar 6, 2019

Support Sporcle.
Go Orange.
Score 0/12 Timer 03:00
1 Play Today
Country % Correct
???
94%
???
90.4%
???
85.2%
???
82.4%
???
74.7%
???
68.3%
???
57.8%
???
50.2%
???
47.9%
???
44.9%
???
37.5%
???
36.7%

From the Vault

Begins and Ends with Same Letter

by luk

We were so stressed about trying to get Xanax into this quiz that we ended up taking some and then let go of the idea.
Remove Ads.
Support Sporcle.
Get the best of Sporcle when you Go Orange. This ad-free experience offers more features, more stats, and more fun while also helping to support Sporcle. Thank you for becoming a member.

Show Comments

Extras

Top Quizzes Today


Score Distribution

Your Account Isn't Verified!

In order to create a playlist on Sporcle, you need to verify the email address you used during registration. Go to your Sporcle Settings to finish the process.

Report this User

Report this user for behavior that violates our Community Guidelines.

Details: